|
|
|
|
| LEADER |
01865cas a2200241 a 4500 |
| 001 |
AALejournalIMF000121 |
| 008 |
230101c9999 xx r poo 0 0eng d |
| 020 |
|
|
|c 5.00 USD
|
| 020 |
|
|
|z 9781451855654
|
| 022 |
|
|
|a 1018-5941
|
| 040 |
|
|
|a BD-DhAAL
|c BD-DhAAL
|
| 100 |
1 |
|
|a Lambert, Peter.
|
| 245 |
1 |
0 |
|a On the Measurement of Horizontal Inequity /
|c Peter Lambert.
|
| 264 |
|
1 |
|a Washington, D.C. :
|b International Monetary Fund,
|c 1995.
|
| 300 |
|
|
|a 1 online resource (34 pages)
|
| 490 |
1 |
|
|a IMF Working Papers
|
| 500 |
|
|
|a <strong>Off-Campus Access:</strong> No User ID or Password Required
|
| 500 |
|
|
|a <strong>On-Campus Access:</strong> No User ID or Password Required
|
| 506 |
|
|
|a Electronic access restricted to authorized BRAC University faculty, staff and students
|
| 520 |
3 |
|
|a This paper makes a new attack on the old problem of measuring horizontal inequity in the income tax. Local measures of inequality of posttax income among pretax equals are proposed, which reflect alternative value judgments about the nature and magnitude of an inequity. These measures are aggregated into global indices. The welfare gain from eliminating horizontal inequity revenue-neutrally, and the revenue gain from eliminating it welfare-neutrally, in each case preserving the vertical performance of the tax, are captured by these indices. Difficulties of implementation arising from the 'identification problem' are discussed. A variation in the methodology validates banding the income data to create 'close equals' groups. Simulations show that the banding procedure works well. A range of potentially fruitful applications is discussed.
|
| 538 |
|
|
|a Mode of access: Internet
|
| 830 |
|
0 |
|a IMF Working Papers; Working Paper ;
|v No. 1995/135
|
| 856 |
4 |
0 |
|z Full text available on IMF
|u http://elibrary.imf.org/view/journals/001/1995/135/001.1995.issue-135-en.xml
|z IMF e-Library
|